LEADER 01002nam a2200277 i 4500 001 000000151891 003 CaOOAMICUS 005 20060717000000.0 008 060717n it u000 u ita u 013 $a129232 040 $aSeMil$bita 100 1 $aStrindberg, August,$d<1849-1912>.$0(OLS)http://semarc/name/7280 240 10$aEnsam.$0(OLS)http://semarc/title/222010 245 10$aSolo /$cAugust Strindberg ; a cura di Franco Perrelli. 260 $aBergamo :$bMoizzi,$c[198?] 300 $a125 p. ;$c18 cm. 490 0 $aLinee ;$v3 500 $aFondo Ciprandi. 700 1 $aPerrelli, Franco,$d<1952- >.$0(OLS)http://semarc/name/59658 830 0$aLinee ;$v3.$0(OLS)http://semarc/title/21261 850 $aSeMil 852 $aSeMil$W1$xVenegono$y1$m1V II 204$j103870$B103870$CSeMilBibl$Z2$F112917 $81 941 1 $a1 961 $aOmaggio: Ciprandi dott. Paolo 996 $6245$aSolo$9(OLS)http://semarc/title/222009 996 $6260$aBergamo :$bMoizzi$9(OLS)http://semarc/publisher/34310 LEADER 00926nam a2200217 i 4500 001 000000230674 003 CaOOAMICUS 005 20140616000000.0 008 140616s1736 it u000 u ita u 013 $a209576 026 $a6247 reet eori giqu (3) 1736 (R) 040 $aSeMil$bita 245 10$aTomo 5. 300 $a[4], 548 p. 500 $aSegn. : *2 A-3X4 3Y6. 773 0 $aCalmet, Augustin $tTesoro delle antichità sagre, e profane contenuto nelle dissertazioni del rev. padre d. Agostino Calmet, tratte da' suoi Comenti sopra la divina scrittura, e recate in toscano da un 'ecclesiastico. Tomo 1. [-7.].$dIn Lucca : Appresso Sebastiano Domenico Cappuri, 1729-1742.$g5$w()30072 850 $aSeMil 852 $aSeMil$W1$xVenegono$y1$m2V III 55 FA$j181020$B181020$CSeMilBibl$Z2$F191800 $8I 941 1 $a10 961 $aRecupero: Mantegazza 996 $6245$aTomo 5$9(OLS)http://semarc/title/76883